000 00609nam a22001937a 4500
999 _c14592
_d14592
003 AR-CdUCM
008 190423b ||||| |||| 00| 0 spa d
020 _a978-84-910-113-78
040 _aMUNICIPALIDAD PROVINCIAL DEL CUSCO
_cBIBLIOTECA MUNICIPAL DEL CUSCO
082 _aPI / 376.1 /
_bC73
100 _aBussolati, Emanuela
_932808
245 _aAhora a dormir :
_bya soy mayor /
260 _aBarcelona :
_bCombel,
_c2016.
300 _a10 páginas ;
_bIlustraciones,
_c18 cm.
650 _aLiteratura infantil
_9588
650 _aCuento infantil
_93319
942 _2ddc
_cLIBROS
945 _aacv
_d2019-04-23